000 00564nam a2200181 a 4500
008 120416s1986 ||||||||||||||||| || u
020 _a0713136022
050 _aTS 227 Gou
100 _aGourd, L. M
245 1 0 _aPrinciples of welding technology
250 _a2nd ed.
260 _aLondon
_bEdward Arnold
_c1986
300 _avi, 234p. : ill.
350 _a0.00
650 _aMECHANICS
650 _aWELDING
995 _D0.00
_FCBU-MAIN LIBRARY (Kitwe)
_H1
_I10.99
_M1
_UDAMAGED
_ZMain Library Open Access Collection
999 _c54655
_d54655